|
|
|
|
| LEADER |
00000naa2a2200000 4500 |
| 001 |
158415 |
| 005 |
20231031154417.0 |
| 035 |
|
|
|a (RuTPU)RU\TPU\book\171806
|
| 090 |
|
|
|a 158415
|
| 100 |
|
|
|a 20090423d2008 k y0rusy50 ca
|
| 101 |
0 |
|
|a rus
|
| 102 |
|
|
|a RU
|
| 200 |
1 |
|
|a Фермерское производство Томской области
|f Т. А. Конкина
|
| 320 |
|
|
|a Библиогр.: 3 назв.
|
| 461 |
|
1 |
|0 (RuTPU)RU\TPU\book\166087
|t Энергия молодых - экономике России
|o труды IX Международной научно-практической конференции студентов и молодых ученых, г. Томск, 19-22 мая 2008 г.
|f Томский политехнический университет (ТПУ) ; Вольное экономическое общество России ; Международный союз экономистов (МСЭ)
|d 2008
|
| 463 |
|
0 |
|0 (RuTPU)RU\TPU\book\164801
|t Ч. 1
|v С. 144-146
|d 2008
|
| 610 |
1 |
|
|a фермерство
|
| 610 |
1 |
|
|a Томская область
|
| 610 |
1 |
|
|a крестьянские хозяйства
|
| 610 |
1 |
|
|a фермерские хозяйства
|
| 610 |
1 |
|
|a государственная поддержка
|
| 610 |
1 |
|
|a сельскохозяйственная продукция
|
| 610 |
1 |
|
|a цены
|
| 610 |
1 |
|
|a индексы производства
|
| 610 |
1 |
|
|a труды учёных ТПУ
|
| 700 |
|
1 |
|a Конкина
|b Т. А.
|
| 801 |
|
1 |
|a RU
|b 63413507
|c 20090423
|g PSBO
|
| 801 |
|
2 |
|a RU
|b 63413507
|c 20161121
|g RCR
|
| 942 |
|
|
|c BK
|